00442nam a2200193Ia 4500008004100000020001800041050001400059100001500073245002900088245002600117245000600143260001500149260001600164260000900180300001400189300002700203300001000230500000800240170918s9999 xx 000 0 und d a9780439887205 bB845 2005 aBrett, Jan aHonney…honey…lion! : ba story from Africa / cz aNew York : bScholastic, c2005 aunpaged : bcolored illustration ; c20cm. a710